| 000 | 00805nam a22002412 4500 | ||
|---|---|---|---|
| 999 |
_c8591 _d8591 |
||
| 001 | 0000018590 | ||
| 003 | OSt | ||
| 005 | 20190717163529.0 | ||
| 008 | 100214s xx 000 0 eng d | ||
| 020 | _a1847674890 : | ||
| 040 |
_aKABU _cKABU |
||
| 050 |
_aJK468 _b.P64O33 2008 |
||
| 100 | 1 | _aObama, Barack. | |
| 245 | 1 | 0 |
_aChange we can believe in : _bBarack Obama's plan to renew America's promise / _cwith a foreword by Barack Obama. |
| 260 |
_aNew York : _bThree Rivers, _c2008. |
||
| 300 | _a299 p. | ||
| 600 | 1 | 0 |
_aObama, Barack _xPhilosophy. |
| 650 | 0 |
_aPolitical planning _zUnited States. |
|
| 650 | 0 |
_aPresidents _xElection _y2008 _zUnited States. |
|
| 908 | _a100214 | ||
| 942 |
_2lcc _cBK _hJK468 _i.P64O33 2008 |
||